000
00338nam a22001457a 4500
008
221021b ||||| |||| 00| 0 eng d
020
_a
0830699503
041
_a
eng
080
_2
FIRST EDITION
_a
004
082
_a
004 GOO
100
_a
19.2
101
_a
SHK
245
_a
TROUBLESHOOTING MICROPROCESSORS
_c
GOODMAN R
942
_2
udc
_c
BK
999
_c
58640
_d
58640